| 000 | | | 05161nac2a22003493x 450 |
| 001 | | | c41bce0f-4d37-43ce-ab81-63121195caa4 |
| 005 | | | 20240723141532.0 |
| 100 | ## | $a | 20240716l1880 k y0rusy50 ca |
| 101 | 0# | $a | rus |
| 102 | ## | $a | RU |
| 105 | ## | $a | y z ||||| |
| 122 | 0# | $a | d18801231 |
| 200 | 1# | $a | Сильвестров Н., священник. "Беседы о земной жизни, деяниях и учении Господа нашего Иисуса Христа". (Рукопись) |
| | $j | 1880 |
| 215 | ## | $a | 23 листа |
| | $d | 34,2 х 24,4 |
| 251 | ## | $c | Дело |
| 300 | ## | $a | Заголовок дела на папке: Рукопись священника Николая Сильвестрова "Беседы о земной жизни, деяниях и учении господа нашего Иисуса Христа" |
| 300 | ## | $a | Рукописный и типографский текст |
| 325 | ## | $a | Замикрофильмировано |
| 330 | ## | $a | Входит в раздел описи: Разные материалы |
| 461 | #0 | $1 | 001cda3d175-ae4a-411a-8dea-9cc20fb178f6 |
| | $1 | 2001 |
| | $a | Лорис-Меликов Михаил Тариелович, граф, министр внутренних дел, главный начальник "верховной распорядительной комиссии по охранению государственного порядка и общественного спокойствия", генерал от кавалерии |
| | $1 | 251 |
| | $c | Фонд |
| | $1 | 852 |
| | $j | 569 |
| 462 | #0 | $1 | 001163e060a-d7cc-404d-90ee-e28c9801971b |
| | $1 | 2001 |
| | $a | Опись дел фонда М. Т. Лорис-Меликова за 1858-1915 гг. |
| | $v | Д. 272 |
| | $1 | 251 |
| | $c | Опись |
| | $1 | 852 |
| | $j | 1 |
| 517 | 1# | $a | Рукопись священника Николая Сильвестрова "Беседы о земной жизни, деяниях и учении господа нашего Иисуса Христа" |
| 600 | #0 | $a | Иисус Христос |
| 600 | #1 | $a | Сильвестров |
| | $b | Н. |
| | $c | священик |
| | $g | Николай |
| 605 | ## | $3 | DITM\AF\0000002775 |
| | $a | Власть |
| | $l | коллекция |
| | $2 | acquisition_prlib |
| 610 | 1# | $a | Учение Иисуса Христа |
| 686 | ## | $a | 63.3(2)535-332ю1 |
| | $c | История |
| | $2 | rubbk |
| 686 | ## | $a | 67.400.6ю1 |
| | $c | Право |
| | $2 | rubbk |
| 700 | #1 | $a | Сильвестров |
| | $b | Н. |
| | $g | Николай |
| 801 | #0 | $a | RU |
| | $b | GA_RF |
| 801 | #1 | $a | RU |
| | $b | ГлавНИВЦ |
| | $c | 20240716 |
| | $2 | rusmarc |
| 801 | #2 | $a | RU |
| | $b | ПБ им. Б.Н. Ельцина |
| | $c | 20240723 |
| | $g | RCR |
| | $2 | rusmarc |
| 852 | ## | $a | ГА РФ |
| | $j | 272 |
| 937 | ## | $d | 193078721 |
| | $h | ГАРФ |
| 035 | ## | $a | RuPRLIB51076724 |
| 856 | ## | $u | http://readingroom.main.prlib.ru/item.aspx?id_node=n193078721&mode=full |